Football quiz n°10 - Statistiques

Statistiques générales
  • Ce quiz a été pris 180 fois
  • Le résultat moyen est 4 sur 15
Statistiques - réponses
Questions Reponses % Correct
Gardien Allemand recruté par Manchester City en 2022 Ortega
74%
Japonais vendu de Liverpool a Monaco saison 2022-2023 Minamino
60%
Joueur transféré de Barcelone jusqu'à LA Galaxy Riqui Puig
57%
But victorieux avec L'OM contre Dortmund LDC 2011-2012 Valbuena
34%
Qui a gagné la coupe du roi la saison 2022-2023 Betis Seville
31%
Nom de l'entraineur de Tottenham cette saison Ange Postecoglou
30%
Buteur sur coup franc lors de Ajax 4 - Real Madrid 1en LDC Lasse Schone
26%
Nom du stade de Brest Stade Francis Le Blé
26%
Transféré a AL-Ahli en provenance de l'AS Roma lors du mercato d'été 2023 Ibanez
20%
Stade de la finale de la LDC 2012 Allianz Arena
15%
Jeune milieu serbe de Liverpool Bajcetic
14%
Meilleur buteur de Serie A saison 2018-2019 Quagliarella
13%
Club qui a Michael B Jordan en tant que co-propriétaire Bournemouth
6%
Dernier club de Marouane Chamakh Cardiff City
2%
Aillier droit de L'AJAX de cette saison (2023-2024) Carlos Forbes
1%
Aucun quiz correspondant
Distribution des résultats
% des personnes avec chaque résultat
Percentile par nombre de réponses
Votre historique - résultats
Vous n’avez pas pris ce quiz